000
00277nam a2200157Ia 4500
100
_a
Bayross/I
250
_a
2
942
_c
BK
654
_a
SQL
245
_a
SQL
260
_b
B.P.B
_c
1999
082
_a
005.13'SQL'
300
_a
372
546
_a
ENGLISH
999
_c
35108
_d
35108